Central Library OPAC University of Rajshahi

حقيقة الشيوعية /[Ḥaqīqat al-shuyūʻīyah] / (Record no. 75033)

MARC details
000 -LEADER
fixed length control field 01084nam a2200277 a 4500
001 - CONTROL NUMBER
control field 75033)
003 - CONTROL NUMBER IDENTIFIER
rucl marc code BD-RjUL
005 - DATE AND TIME OF LATEST TRANSACTION
control field 20220329145410.0
008 - FIXED-LENGTH DATA ELEMENTS--GENERAL INFORMATION
fixed length control field 220329s1955 ua 000 0 ara d
035 ## - SYSTEM CONTROL NUMBER
System control number (BD-RjUL)75033
040 ## - CATALOGING SOURCE
Original cataloging agency NNL
Language of cataloging ara
Transcribing agency BD-RjUL
041 ## - LANGUAGE CODE
Language code of text/sound track or separate title ara
082 ## - DEWEY DECIMAL CLASSIFICATION NUMBER
Edition number 23
Classification number 335.43
Author mark and year SHH 1955
100 1# - MAIN ENTRY--PERSONAL NAME
Personal name [Shakir, Amin] شاكر، امين
9 (RLIN) 1090
245 10 - TITLE STATEMENT
Title حقيقة الشيوعية /[Ḥaqīqat al-shuyūʻīyah] /
Statement of responsibility, etc. أمين شاكر [و]سعيد العريان [و]على ادهم.; [Amīn Shākir; Saʻīd ʻUryān; ʻAlī Adʹham]
250 ## - EDITION STATEMENT
Edition statement [5 th ed.] طبعة خامسة
260 ## - PUBLICATION, DISTRIBUTION, ETC. (IMPRINT)
Place of publication, distribution, etc. مصر : [Miṣr] :
Name of publisher, distributor, etc. دار المعارف،[Dār al-Maʻārif],
Date of publication, distribution, etc. [١٩٥٥].1955
300 ## - PHYSICAL DESCRIPTION
Pagination ١٩٩ص.199 p. ;
Size 22 cm
490 1# - SERIES STATEMENT
Series statement [Ikhtarnā laka, 11 ]اخترنا لك ؛
Volume/sequential designation ١١
650 #4 - SUBJECT ADDED ENTRY--TOPICAL TERM
Topical term or geographic name as entry element Communism
9 (RLIN) 1272
Topical term or geographic name as entry element Socialism
9 (RLIN) 546
700 1# - ADDED ENTRY--PERSONAL NAME
Personal name [Al-Arian, happy ]العريان، سعيد
Personal name [Al-Arian, happy ] أدهم، علي
830 #0 - SERIES ADDED ENTRY--UNIFORM TITLE
Uniform title [Ikhtarnā laka,] اخترنا لك ؛
Volume number/sequential designation ١١.
942 ## - ADDED ENTRY ELEMENTS (KOHA)
Source of classification or shelving scheme Dewey Decimal Classification
Koha item type Books
Holdings
Lost status Source of classification or shelving scheme Damaged status Not for loan Collection code Permanent Location Current Location Shelving location Date acquired Full call number Date last seen Copy number Koha item type Total Checkouts
  Dewey Decimal Classification   Not For Loan Non-fiction Central Library, University of Rajshahi Central Library, University of Rajshahi Reading Room 29/03/2022 A 335.43 SHH 1955 29/03/2022 C-1 Books  
  Dewey Decimal Classification     Non-fiction Central Library, University of Rajshahi Central Library, University of Rajshahi General Stacks 25/04/2022 A 335.43 SHH 1955 25/04/2022 C-2 Books  
  Dewey Decimal Classification     Non-fiction Central Library, University of Rajshahi Central Library, University of Rajshahi General Stacks 25/04/2022 A 335.43 SHH 1955 25/04/2022 C-3 Books